| 000 | 05361cam a22014054i 4500 | ||
|---|---|---|---|
| 003 | PE-LiUPU | ||
| 005 | 20250813185416.0 | ||
| 008 | 180518s2015 cl a rb 000 0 spa d | ||
| 020 | _a9789561415195 | ||
| 035 | _a(Sirsi) a242015 | ||
| 040 |
_aPE-LiUPU _bspa _cPE-LiUPU _erda |
||
| 049 | _aPRUA | ||
| 082 | 0 | 4 |
_a363.739 _bJ73 _223 |
| 100 | 1 |
_aJorquera González, Héctor, _eautor. |
|
| 245 | 1 | 0 |
_aIntroducción a la contaminación atmosférica / _cHéctor Jorquera González ; colaboración Luis Ignacio Rizzi Campanella. |
| 264 | 1 |
_aSantiago : _bUniversidad Católica Chile, _c2015. |
|
| 300 |
_a525 páginas : _bilustraciones ; _c24 centímetros |
||
| 336 |
_atext _2rdacontent |
||
| 337 |
_aunmediated _2rdamedia |
||
| 338 |
_avolume _2rdacarrier |
||
| 504 | _aBibliografía : al final de cada capítulo. | ||
| 505 | 0 | _aLa cadena causal: de emisor a receptor -- Contaminantes atmosféricos y salud de la población -- El material particulado -- Fundamentos de la meteorología -- Dispersión de contaminantes en la atmosfera -- El esmog fotoquímico -- Técnicas de control de emisiones de material particulado -- Tecnologías de abatimiento de emisiones de compuestos orgánicos volátiles -- Transporte y calidad dela aire -- Beneficios económicos por mejor calidad del aire -- Caso de estudio: Temuco-las casas, IX región. | |
| 526 | _aP202 | ||
| 526 | _aP201 | ||
| 526 | _aP163 | ||
| 526 | _aP162 | ||
| 526 | _aP161 | ||
| 526 | _aP160 | ||
| 526 | _aP148 | ||
| 526 | _aP147 | ||
| 526 | _aP146 | ||
| 526 | _aP145 | ||
| 526 | _aP144 | ||
| 526 | _aP143 | ||
| 526 | _aP142 | ||
| 526 | _aP141 | ||
| 526 | _aP140 | ||
| 526 | _aP139 | ||
| 526 | _aP138 | ||
| 526 | _aP137 | ||
| 526 | _aP136 | ||
| 526 | _aP135 | ||
| 526 | _aP134 | ||
| 526 | _aP133 | ||
| 526 | _aP129 | ||
| 526 | _aP128 | ||
| 526 | _aP127 | ||
| 526 | _aP120 | ||
| 526 | _aP119 | ||
| 526 | _aP118 | ||
| 526 | _aP116 | ||
| 526 | _aP115 | ||
| 526 | _aP114 | ||
| 526 | _aP110 | ||
| 526 | _aP109 | ||
| 526 | _aP108 | ||
| 526 | _aP104 | ||
| 526 | _aP103 | ||
| 526 | _aP102 | ||
| 526 | _aP99 | ||
| 526 | _aP98 | ||
| 526 | _aP97 | ||
| 526 | _aP96 | ||
| 526 | _aP95 | ||
| 526 | _aP93 | ||
| 526 | _aP90 | ||
| 526 | _aP89 | ||
| 526 | _aP88 | ||
| 526 | _aP83 | ||
| 526 | _aP82 | ||
| 526 | _aP62 | ||
| 526 | _aP59 | ||
| 526 | _aP58 | ||
| 526 | _aP57 | ||
| 526 | _aP51 | ||
| 526 | _aP49 | ||
| 526 | _aP48 | ||
| 526 | _aP47 | ||
| 526 | _aP29 | ||
| 526 | _aP24 | ||
| 526 | _aP20 | ||
| 526 | _aP19 | ||
| 526 | _aP17 | ||
| 526 | _aP15 | ||
| 526 | _aP14 | ||
| 526 | _aP12 | ||
| 526 | _aP10 | ||
| 526 | _aP09 | ||
| 526 | _aP08 | ||
| 526 | _aP07 | ||
| 526 | _aP06 | ||
| 526 | _aP05 | ||
| 526 | _aP04 | ||
| 526 | _aP01 | ||
| 541 | _gF002-00000048; | ||
| 541 | _gF002-00000291; | ||
| 541 | _gF002-00000831; | ||
| 541 | _gF002-00002251; | ||
| 650 | 0 | 4 |
_aAir _xPollution. |
| 650 | 0 | 4 |
_aAire _xContaminación. _9445 |
| 650 | 0 | 4 | _aAtmospheric deposition. |
| 650 | 0 | 4 | _aDeposición atmosférica. |
| 700 | 1 |
_aRizzi Campanella, Luis Ignacio, _ecolaborador. |
|
| 910 |
_adbm _bjpc _cjpc _d20180518 |
||
| 910 |
_armch _btqv _cjfb _d20180801 |
||
| 910 |
_armch _btqv _crmch _d20190121 |
||
| 942 |
_2ddc _cBOOK |
||
| 949 |
_a363.739 J73 2015 _wDEWEY _c1 _iFJ11224 _lCCODEBUJ1 _mBUJ _p31.21 _r0 _sY _tBOOK _u2018-08-02 _xINGENIERIA _PP24 _0COMPRA _o.STAFF. Colección General Juliaca |
||
| 949 |
_a363.739 J73 2015 _wDEWEY _c1 _iFJ12402 _lCCODEBUJ1 _mBUJ _p42.70 _r0 _sY _tBOOK _u2019-01-21 _xINGENIERIA _PP24 _0COMPRA _o.STAFF. Colección General Juliaca |
||
| 949 |
_a363.739 J73 2015 _wDEWEY _c1 _iFT04224 _lCCODEBUT1 _mBUT _p29.40 _r0 _sY _tBOOK _u2022-03-28 _xINGENIERIA _PP24 _0COMPRA _o.STAFF. Colección General Tarapoto |
||
| 949 |
_a363.739 J73 2015 _wDEWEY _c1 _iFT04225 _lCCODEBUT1 _mBUT _p29.40 _r0 _sY _tBOOK _u2022-03-28 _xINGENIERIA _PP24 _0COMPRA _o.STAFF. Colección General Tarapoto |
||
| 994 |
_aC0 _bPEPRU |
||
| 596 | _a1 2 3 | ||
| 999 |
_a363.739 J73 _wDEWEY _c27530 _i78449 _d27530 _e2019-10-1 _f2021-11-9 _g5 _lCCODEBUL1 _mBUL _n1 _p32.00 _r0 _sY _tBOOK _u2018-5-18 _xINGENIERIA _PP24 _0COMPRA _1FCOMPRA _o.STAFF. Colección Ingeniería y Arquitectura |
||
| 999 |
_a363.739 J73 _wDEWEY _c2 _i78448 _f2021-11-9 _g5 _lCCODEBUL1 _mBUL _p32.00 _r0 _sY _tBOOK _u2018-5-18 _xINGENIERIA _PP24 _0COMPRA _1FCOMPRA _o.STAFF. Colección Ingeniería y Arquitectura |
||
| 999 |
_a363.739 J73 2015 _wDEWEY _c1 _iFJ11224 _d2019-10-25 _e2019-10-23 _f2022-1-18 _g3 _lCCODEBUJ1 _mBUJ _n1 _p31.21 _q1 _r0 _sY _tBOOK _u2018-8-1 _xINGENIERIA _PP24 _0COMPRA _1FCOMPRA _o.STAFF. Colección General Juliaca |
||
| 999 |
_a363.739 J73 2015 _wDEWEY _c2 _iFJ12402 _f2022-1-18 _g3 _lCCODEBUJ1 _mBUJ _p42.70 _r0 _sY _tBOOK _u2019-1-21 _xINGENIERIA _PP24 _0COMPRA _1FCOMPR2 _o.STAFF. Colección General Juliaca |
||
| 999 |
_a363.739 J73 _wDEWEY _c1 _iFT04224 _lCCODEBUT1 _mBUT _p29.40 _r0 _sY _tBOOK _u2022-3-28 _xINGENIERIA _PP24 _0COMPRA _1FCOMPR4 |
||
| 999 |
_a363.739 J73 _wDEWEY _c2 _iFT04225 _lCCODEBUT1 _mBUT _p29.40 _r0 _sY _tBOOK _u2022-3-28 _xINGENIERIA _PP24 _0COMPRA _1FCOMPR4 |
||
| 980 |
_81 _gALBERTO SANCHEZ Responsable de Automatización |
||